| 000 | 00422nam a2200169 4500 | ||
|---|---|---|---|
| 020 | _a9789393969354 | ||
| 082 |
_a001.42 _bASH/R |
||
| 100 | _aAshok D'Cruz | ||
| 245 |
_aResearch and publication ethics/ _cby Ashok D'Cruz |
||
| 250 | _a8 | ||
| 260 |
_aKozhikode: _bAtma Books, _c2025. |
||
| 300 | _a199p. | ||
| 650 | _aResearch Ethics | ||
| 650 | _aPublication Ethics | ||
| 650 | _aResearch Methodology | ||
| 942 | _cBK | ||
| 999 |
_c181898 _d181898 |
||